000 00866nam a2200277Ia 4500
001 dia_3350
003 CHAP
005 20251023160829.0
008 220117s1982 xx 000 0 und d
010 _a173820
040 _cCHAP
082 _a623.3016 L6
100 _aLoard, Rexford D.
_9154540
245 _aUso de Plantas Acuáticas para el Tratamiento de Aguas Residuales; una Recopilación /
_c por Rexford D. Loard
260 _aMéxico :
_b Ops,
_c1982
300 _a96 P.
440 _aSerie Bibliográfica, 1
_9154541
503 _aC/E
650 _a1.Aguas Residuales
_xBibliográfia
_9154542
650 _aAgua Purificada
_xPibliografía
_9154543
650 _aLirio Acuático
_xBibliografía
_967071
901 _a623.3016 L6
902 _aM
905 _a0000001982 mx X 0000000000spa00
942 _cLIBRO
_2ddc
999 _c173820
_d173820